| 000 | 00495nam a2200217Ia 4500 | ||
|---|---|---|---|
| 008 | 170203s9999 xx 000 0 und d | ||
| 020 | _a9780753419694 | ||
| 050 | _a621 | ||
| 050 | _b.K37t 2009 | ||
| 100 | _aKent, Peter. | ||
| 245 | _aTechnology / | ||
| 245 | _cPeter Kent. | ||
| 260 | _aLondon : | ||
| 260 | _bKingfisher, | ||
| 260 | _c2009 | ||
| 300 | _a48 pages : | ||
| 300 | _bcol. ill. ; | ||
| 300 | _c28 cm. | ||
| 650 | _aTechnology -- | ||
| 650 | _xJuvenile literature. | ||
| 999 |
_c305477 _d305477 |
||